000 01122cad a22001935a 4500
001 L153102
008 110608e2011 xxk 000 0 eng d
035 _a(Sirsi) u153102
041 0 _aeng
110 2 _aUnited Kingdom
_bDepartment for Environment Food and Rural Affairs
245 0 0 _aGovernment response to the Making Space for Nature review
_h[electronic resource]
260 _c2011
520 _aGives the government response to each of the 24 recommendations of the Making Space for Nature Review published in September 2010 (see L151085) which considered whether England's wildlife areas represented a coherent and robust ecological network that would be capable of responding to the challenges of climate change and other pressures. The government's broad repsonse to the review was published in the Natural Environment White Paper.
590 _aKA
651 4 _aEngland
_y886-
690 _aENVIRONMENT AND LAND CONSULTANCY-ENVIRONMENTAL MANAGEMENT
856 4 0 _uhttps://www.defra.gov.uk/publications/files/pb13537-lawton-response-110607.pdf
_zView the item free of charge at www.defra.gov.uk
942 _n0
999 _c83185
_d83185